LEADER 01031nam a2200241 i 4500 001 000000162632 003 CaOOAMICUS 005 20080125000000.0 008 080125s2007 it u000 u ita u 013 $a139996 020 $a978-88-89094-59-4 040 $aSeMil$bita 100 1 $aSchinella, Ignazio .$0(OLS)http://semarc/name/90533 245 10$aCattolicesimo e pietą popolare :$buna sfida per il terzo millennio /$cI. Schinella. 260 $aNapoli :$bEDI,$c2007. 300 $aXLVI, 218 p. ;$c22 cm. 650 4$aCattolicesimo - Pietą popolare.$0(OLS)http://semarc/subject/17896 850 $aSeMil 852 $aSeMil$W1$xVenegono$y1$m2F III 619$j113964$B113964$CSeMilBibl$Z2$F131313 $81 961 $aOmaggio per recensione: Scuola Cattolica 996 $6020$a978-88-89094-59-4$9(OLS)http://semarc/number/78838 996 $6245$aCattolicesimo e pietą popolare :$buna sfida per il terzo millennio$9(OLS)http://semarc/title/146418 996 $6260$aNapoli :$bEDI$9(OLS)http://semarc/publisher/44045 LEADER 00641nab a2200145 i 4500 001 000000265781 003 CaOOAMICUS 005 20070131000000.0 008 070131n xx uu u0 0und r 013 $a9143 040 $aSeMil$bita 245 10$aGirotondo invisibile dei precari. - 56 p. :$btabelle. - Titolo dalla copertina. - In copertina : Supplemento al numero 118 di «Qualevita». 500 $aDicembre 2006. 773 0 $t[2006.$d[S.l. : s.n.], 2006$w()150135 996 $6245$aGirotondo invisibile dei precari. - 56 p. :$btabelle. - Titolo dalla copertina. - In copertina : Supplemento al numero 118 di «Qualevita».$9(OLS)http://semarc/title/357572